000 02755cam a2200469 i 4500
001 0006876618
003 OSt
005 20260627095443.0
008 221019s2023 quca j b 000 0bfre
020 _a9782897097738
020 _a2897097736
040 _aQMBN
_bfre
_erda
_cQMBN
_dQMBND
043 _an-cn-qu
_an-cn-qu
_bn-cn-qf
_2cagraq
050 4 _aGV848.5*
082 0 4 _aJ 927.969 S145g
_bS145g
_223/fre/202303
082 0 4 _a796.962092
_bS145g
_223/fre/202303
082 0 5 _a927.96962
_bS145g
_223/fre/202304
091 0 _a927.96962
100 1 _aGodin, Joanie,
_d1984-
_eauteur
245 1 0 _aMartin St-Louis /
_cJoanie Godin ; idě originale de Rǰean Tremblay et Louise Gaudreault ; illustrations intřieures : Marie-Anne C. Duplessis
264 1 _a[Blainville, Qub̌ec] :
_bBoomerang,
_c[2023]
300 _a248 pages :
_billustrations ;
_c23 cm
336 _atexte
_btxt
_2rdacontent
337 _asans mďiation
_bn
_2rdamedia
338 _avolume
_bnc
_2rdacarrier
490 0 _aRaconte-moi ;
_v55
504 _aComprend des rf̌řences bibliographiques (pages 247-248)
520 _aToute sa vie, Martin St-Louis s’est fait dire qu’il était trop petit pour jouer au hockey. Aucune équipe ne l’a repêché, mais il s’est accroché au conseil que sa maman lui répétait toujours, soit : « Montre-leur ce que tu es capable de faire ! » et il a donc redoublé d’efforts pour réaliser son rêve. Au moment d’accrocher ses patins, ses statistiques sont éloquentes : plus de 1000 matchs joués dans la LNH, une coupe Stanley, une médaille d’or olympique, l’or à la Coupe du monde de hockey et une tonne de trophées. Pas si mal ! Comme si ce n’était pas assez, Martin a maintenant la chance de partager son expérience en dirigeant les Canadiens de Montréal !
521 _aPour enfants de 8 ans et plus
600 1 6 _aSt-Louis, Martin,
_d1975-
600 1 7 _aSt-Louis, Martin,
_d1975-
_2vmj
610 2 6 _aLigue nationale de hockey
_vBiographies
_vOuvrages pour la jeunesse
610 2 7 _aLigue nationale de hockey
_2vmj
650 6 _aJoueurs de hockey
_zQub̌ec (Province)
_vBiographies
_vOuvrages pour la jeunesse
650 6 _aHockey
_xEntran̋eurs
_zQub̌ec (Province)
_zMontrǎl
_vBiographies
_vOuvrages pour la jeunesse
650 7 _aJoueurs de hockey
_zQub̌ec (Province)
_vBiographies
_2vmj
655 7 _aLivres documentaires pour la jeunesse
_2rvmgf
655 7 _aBiographies
_2rvmgf
942 _2ddc
_cDOC JEUNE
999 _c18908
_d18908